| 000 | 01193nam a2200265Ia 4500 | ||
|---|---|---|---|
| 008 | 0000001997 bl ad 0000000000mul00 | ||
| 090 | _aPSP00 F67j | ||
| 100 | 1 | _aFortes, Marcia | |
| 245 | 1 | 0 |
_aJuan Usle _c/ Texto de Marcia Fortes |
| 300 |
_a15 p. _c/ 22 cm. |
||
| 500 | _aExposición realizada en Galería Camargo Vilaca, junio 427, 1997 \ Incluye cronología del artista \ Texto bilingue: portugués inglés \ Donación Fundación Cisneros, Caracas, Venezuela, 2010 \ Proyecto Ganador Programa Apoyos Concertados FGAA 2010 | ||
| 501 | _aAliém do Recife = Beyond the reef / Marcia Fortes | ||
| 505 | _aOBRAS : Lilolá Beirao Zip voices Mole abierto Imagens cortadas Eco de nemo Repleto de sueños Fighting signatures | ||
| 600 | 0 | 0 |
_aUSLE, JUAN, 1954/ _xTRABAJOS PICTORICOS |
| 650 | 1 | 4 | _aARTE CONTEMPORANEO ESPAÑOL |
| 650 | 1 | 4 | _aARTISTAS PLASTICOS ESPAÑOLES EXPOSIONES |
| 650 | 1 | 4 | _xCATALOGOS |
| 650 | 1 | 4 | _xEXPOSICIONES |
| 650 | 1 | 4 | _aPINTORES ESPAÑOLES |
| 650 | 1 | 4 | _aPINTURA (TECNICA MIXTA) |
| 650 | 1 | 4 | _aPINTURA ABSTRACTA |
| 650 | 1 | 4 | _aPINTURA AL OLEO |
| 650 | 1 | 4 | _aPINTURA ESPAÑOLA |
| 999 |
_c12878 _d12878 |
||
| 260 |
_aSao Paulo : Galería Camargo Vilaca _c1997 |
||